000 00387nam a22001337a 4500
020 _a978-81-89975-78-4
082 _a823
_bCAN/C
100 _aJACK CANFIELD, MARK VICTOR HANSEN, THERESA PELUSO
245 _aCHICKEN SOUP FOR THE DIETER'S SOUL
260 _aINDIA
_bWESTLAND LTD
_c2008
300 _a273
650 _aINSPIRATION AND HUMOR TO HELP YOU OVET THE HUMP
_zUNITED STATES
942 _cBK
999 _c23
_d23